| 000 | 00000cam 2200000zi 4500 |
| 001 | 9.962408 |
| 003 | CaOODSP |
| 005 | 20260512111317 |
| 006 | m o d f |
| 007 | cr cn||||||||| |
| 008 | 260430e20240630onc ob f000 0 eng d |
| 020 | |a9780660997742 |
| 040 | |aCaOODSP|beng|erda|cCaOODSP |
| 043 | |an-cn--- |
| 086 | 1 |aIN4-83/2026E-PDF |
| 245 | 00|aAudit of regulatory approvals. |
| 264 | 1|aOttawa, ON : |bOffice of the Superintendent of Financial Institutions Canada = Bureau du surintendant des institutions financières Canada, |cJune 30, 2024. |
| 264 | 4|c©2024 |
| 300 | |a1 online resource (15 unnumbered pages) |
| 336 | |atext|btxt|2rdacontent |
| 337 | |acomputer|bc|2rdamedia |
| 338 | |aonline resource|bcr|2rdacarrier |
| 500 | |aIssued also in French under title: Audit du processus d'approbation. |
| 500 | |a"Unclassified." |
| 504 | |aIncludes bibliographical references. |
| 650 | 0|aFinancial institutions|xLaw and legislation|zCanada. |
| 650 | 0|aFinancial institutions|xRisk management|zCanada|xAuditing. |
| 710 | 2 |aOffice of the Superintendent of Financial Institutions Canada, |eissuing body. |
| 775 | 08|tAudit du processus d'approbation.|w(CaOODSP)9.962410 |
| 856 | 40|qPDF|s474 KB|uhttps://publications.gc.ca/collections/collection_2026/bsif-osfi/IN4-83-2026-eng.pdf |
| 856 | 4 |qHTML|sN/A|uhttps://www.osfi-bsif.gc.ca/en/about-osfi/reports-publications/audit-regulatory-approvals |